Statistics for Who is the best player by each decade

Click here to take the quiz!

General Stats

  • This quiz has been taken 22 times
  • The average score is 5 of 7

Answer Stats

HintAnswer% Correct
2010'sLeBron James
100%
90'sMichael Jordan
100%
2000'sKobe Bryant
91%
80'sMagic Johnson
64%
70'sKareem Abdul Jabbar
55%
60'sBill Russell
32%
50'sGeorge Mikan
14%

Score Distribution

Percentile by Number Answered

Percent of People with Each Score

Your Score History

You have not taken this quiz